000 00566nam a22001937a 4500
005 20251108175129.0
008 250721s2013 xx 000 0 ara d
082 1 4 _a344.04/عان
100 1 _aالعاني، ثائر
245 1 0 _aالمسؤلية الجزائية للأطباء /
264 1 _aبيروت :
_bمنشورات الحلبي الحقوقية،
_c2013.
300 _a271ص.
650 1 7 _aالقانون
650 1 7 _aالصحة
650 1 7 _aالاطباء
650 1 7 _aالقانون الجزائي
942 _2ddc
_cBK
999 _c126872
_d126872